[Event "Gibtelecom Festival 2010 - Masters"]
[Site "Gibraltar ENG"]
[Date "2010.02.03"]
[Round "9.38"]
[White "Benitah, Yohan"]
[Black "Byron, Alan M"]
[Result "1-0"]
[WhiteElo "2390"]
[BlackElo "2196"]
[PlyCount "55"]
[EventDate "2010.01.26"]
[EventType "swiss"]
[EventRounds "10"]
[EventCountry "ENG"]
[Source "lmi"]
[SourceDate "2010.01.26"]

1. d4 Nf6 2. c4 c6 3. Nc3 d5 4. e3 Bf5 5. cxd5 cxd5 6. Nf3 a6 7. Ne5 g6 8. g4
Be6 9. Bg2 h6 10. h3 Bg7 11. O-O Bc8 12. Qa4+ Kf8 13. f4 Be6 14. Bd2 Kg8 15.
Rac1 Nc6 16. Ne2 Nxe5 17. fxe5 Ne8 18. Ba5 Qd7 19. Qc2 Bf8 20. Rf2 Rh7 21. e4
Rb8 22. exd5 b6 23. dxe6 Qxe6 24. Bc3 Qxa2 25. Nf4 Nc7 26. Bd2 Ne6 27. Bd5 Nxd4
28. Qxg6+ 1-0

[Event "Gibtelecom Festival 2010 - Masters"]
[Site "Gibraltar ENG"]
[Date "2010.02.03"]
[Round "9.39"]
[White "Solomon, Kenny"]
[Black "Lasinskas, Povilas"]
[Result "1-0"]
[WhiteElo "2368"]
[BlackElo "2174"]
[PlyCount "99"]
[EventDate "2010.01.26"]
[EventType "swiss"]
[EventRounds "10"]
[EventCountry "ENG"]
[Source "lmi"]
[SourceDate "2010.01.26"]

1. d4 Nf6 2. c4 b6 3. Nc3 Bb7 4. f3 d6 5. e4 Nbd7 6. Be3 e5 7. Nge2 Be7 8. Ng3
O-O 9. Qd2 c6 10. d5 cxd5 11. cxd5 a6 12. Be2 Rc8 13. Nf5 Kh8 14. h4 Ng8 15. g4
b5 16. Nd1 Nc5 17. Bf1 f6 18. h5 h6 19. b3 Kh7 20. Nb2 Rf7 21. Kf2 Bf8 22. b4
Na4 23. Nxa4 bxa4 24. Bd3 Ne7 25. Ng3 Ra8 26. Rac1 Bc8 27. Qe2 Bb7 28. Qd1 Qd7
29. Bc2 a3 30. Ba4 Qd8 31. Qd3 Nc8 32. Qxa3 Na7 33. Qd3 Qb8 34. Bb3 Bc8 35. a3
Be7 36. Bc4 Bd8 37. Kg2 Bb6 38. Ne2 Qb7 39. Bd2 Nb5 40. a4 Nd4 41. Nxd4 Bxd4
42. Bb3 Bd7 43. Rc4 Rg8 44. Rxd4 exd4 45. e5+ Kh8 46. e6 Rff8 47. Qf5 Be8 48.
Bc2 g5 49. hxg6 Rxg6 50. Bxh6 1-0

[Event "Gibtelecom Festival 2010 - Masters"]
[Site "Gibraltar ENG"]
[Date "2010.02.03"]
[Round "9.43"]
[White "Dittmar, Peter"]
[Black "Gandrud, Vegar Koi"]
[Result "1/2-1/2"]
[WhiteElo "2341"]
[BlackElo "2158"]
[PlyCount "100"]
[EventDate "2010.01.26"]
[EventType "swiss"]
[EventRounds "10"]
[EventCountry "ENG"]
[Source "lmi"]
[SourceDate "2010.01.26"]

1. c4 e6 2. g3 d5 3. Bg2 c6 4. Nf3 Nf6 5. O-O Bd6 6. d4 Ne4 7. Nbd2 f5 8. Qc2
O-O 9. Ne5 Nd7 10. Nd3 Qf6 11. Nf3 a5 12. c5 Be7 13. Bf4 g5 14. Bc7 Bd8 15.
Bxd8 Qxd8 16. Nfe5 Nef6 17. f4 Nxe5 18. Nxe5 Nd7 19. Nd3 b5 20. fxg5 Qxg5 21.
Nf4 Nf6 22. Qc1 Qg7 23. Qd2 Ra7 24. Bf3 Kh8 25. Qe3 Re7 26. Qe5 Nd7 27. Qxg7+
Kxg7 28. e3 e5 29. Ng2 Nf6 30. Rf2 exd4 31. exd4 Ne4 32. Re2 b4 33. Rae1 Ba6
34. Re3 Bc4 35. b3 Bb5 36. Nf4 Ra8 37. Be2 Bxe2 38. R1xe2 Rf7 39. Rf3 Kh6 40.
Nd3 Rf6 41. Rf4 Rg8 42. Rh4+ Kg7 43. Re3 h6 44. Nf4 Kh7 45. Kg2 Rg4 46. Rh5 Rg5
47. Rh3 Rg4 48. Rh5 Rg5 49. Rh4 Rg4 50. Rh5 Rg5 1/2-1/2

[Event "Gibtelecom Festival 2010 - Masters"]
[Site "Gibraltar ENG"]
[Date "2010.02.03"]
[Round "9.45"]
[White "Wantiez, Fabrice"]
[Black "Nilsen, Joachim Birger"]
[Result "1-0"]
[WhiteElo "2315"]
[BlackElo "2152"]
[PlyCount "102"]
[EventDate "2010.01.26"]
[EventType "swiss"]
[EventRounds "10"]
[EventCountry "ENG"]
[Source "lmi"]
[SourceDate "2010.01.26"]

1. e4 c5 2. Nf3 d6 3. d4 cxd4 4. Nxd4 Nf6 5. Nc3 g6 6. g3 Bg7 7. Bg2 O-O 8. O-O
Nc6 9. Re1 Nxd4 10. Qxd4 Be6 11. Qb4 Rb8 12. Be3 a5 13. Qb5 Bd7 14. Qb3 b5 15.
Nd5 Nxd5 16. exd5 Bf6 17. Rad1 a4 18. Qb4 Rc8 19. c3 Rc4 20. Qa3 Qb8 21. Bd2
Qb7 22. Bf1 Bg4 23. Bxc4 bxc4 24. Qxa4 Bxd1 25. Rxd1 Qxb2 26. Qxc4 Ra8 27. Bh6
Qxa2 28. Qc6 Qa7 29. Rb1 Rb8 30. Rb4 Rd8 31. Kg2 Qa8 32. Rb7 Rc8 33. Qb5 Bxc3
34. Rxe7 Bg7 35. Bf4 Bf8 36. Rb7 Qa2 37. Qd3 Qc4 38. Qf3 Rc7 39. Rb8 Rc8 40.
Rb6 Qc5 41. Rc6 Rxc6 42. dxc6 Bg7 43. Be3 Qc4 44. Bf4 Qc5 45. Qe4 Be5 46. Bh6
f5 47. Qa4 Kf7 48. Qa8 d5 49. Qb7+ Qe7 50. Bg5 Bf6 51. Qxe7+ Bxe7 1-0

[Event "Gibtelecom Festival 2010 - Masters"]
[Site "Gibraltar ENG"]
[Date "2010.02.03"]
[Round "9.46"]
[White "Osuna Vega, Enrique"]
[Black "Andre, Gordon"]
[Result "0-1"]
[WhiteElo "2128"]
[BlackElo "2308"]
[PlyCount "74"]
[EventDate "2010.01.26"]
[EventType "swiss"]
[EventRounds "10"]
[EventCountry "ENG"]
[Source "lmi"]
[SourceDate "2010.01.26"]

1. d4 d5 2. Nf3 Nf6 3. c4 c6 4. Nc3 e6 5. cxd5 exd5 6. Bf4 Bf5 7. Nh4 Be6 8.
Nf3 Nbd7 9. e3 Be7 10. h3 Qb6 11. Rb1 Bf5 12. Bd3 Bxd3 13. Qxd3 O-O 14. O-O a5
15. g4 Qd8 16. a4 Re8 17. Kg2 Nf8 18. Bg3 Ng6 19. Ne5 Nxe5 20. Bxe5 Bd6 21.
Bxd6 Qxd6 22. f3 Re6 23. Qd2 Rae8 24. Nd1 b6 25. b4 axb4 26. Qxb4 c5 27. Qa3 h5
28. a5 Ra8 29. dxc5 bxc5 30. Rb5 h4 31. f4 Ne4 32. Nf2 d4 33. Nxe4 Qc6 34. Qxc5
Qxe4+ 35. Rf3 dxe3 36. Qc1 e2 37. Qe1 Rd8 0-1

[Event "Gibtelecom Festival 2010 - Masters"]
[Site "Gibraltar ENG"]
[Date "2010.02.03"]
[Round "9.47"]
[White "Kantans, Toms"]
[Black "Demac, Elias"]
[Result "1/2-1/2"]
[WhiteElo "2303"]
[BlackElo "2104"]
[PlyCount "86"]
[EventDate "2010.01.26"]
[EventType "swiss"]
[EventRounds "10"]
[EventCountry "ENG"]
[Source "lmi"]
[SourceDate "2010.01.26"]

1. d4 d5 2. c4 c6 3. Nc3 Nf6 4. cxd5 cxd5 5. Bf4 a6 6. e3 Nc6 7. Nf3 Bg4 8. Rc1
Rc8 9. Bd3 e6 10. Qa4 Bxf3 11. gxf3 Bd6 12. Bxd6 Qxd6 13. a3 O-O 14. f4 Nd7 15.
Rg1 f5 16. Ke2 Ra8 17. Qb3 b5 18. Rg5 Na5 19. Qa2 Nf6 20. f3 Rf7 21. Kf2 Rb8
22. Ne2 Rc7 23. Rcg1 Kh8 24. Qb1 Nc4 25. Ng3 b4 26. a4 b3 27. Bxc4 dxc4 28. Ne2
Nd5 29. e4 Nxf4 30. e5 Nd3+ 31. Qxd3 cxd3 32. exd6 Rc2 33. Ke3 dxe2 34. d5 exd5
35. Rxf5 Re8+ 36. Kd3 g6 37. d7 Rd8 38. Rxd5 Rc7 39. Kxe2 Rcxd7 40. Rxd7 Rxd7
41. Rd1 Rc7 42. Ke3 Rc4 43. Rd4 Rc2 1/2-1/2

[Event "Gibtelecom Festival 2010 - Masters"]
[Site "Gibraltar ENG"]
[Date "2010.02.03"]
[Round "9.48"]
[White "Calzetta Ruiz, Monica"]
[Black "Molina, Antonio"]
[Result "1/2-1/2"]
[WhiteElo "2359"]
[BlackElo "2148"]
[PlyCount "133"]
[EventDate "2010.01.26"]
[EventType "swiss"]
[EventRounds "10"]
[EventCountry "ENG"]
[Source "lmi"]
[SourceDate "2010.01.26"]

1. e4 c5 2. Nc3 d6 3. f4 Nc6 4. Nf3 g6 5. Bc4 Bg7 6. O-O e6 7. d3 Nge7 8. Qe1
Nd4 9. Nxd4 cxd4 10. Ne2 O-O 11. Bb3 b5 12. a4 bxa4 13. Rxa4 Bd7 14. Ra5 Qb6
15. Bd2 Nc6 16. Ra3 a5 17. f5 exf5 18. exf5 Bxf5 19. Rxf5 gxf5 20. Nf4 Kh8 21.
Nh5 Ne5 22. Nxg7 Kxg7 23. Qh4 d5 24. Bxd5 Rae8 25. Rb3 Qf6 26. Qxf6+ Kxf6 27.
Rb6+ Ke7 28. Bxa5 Rb8 29. b4 Rfc8 30. Bb3 Nc6 31. Ra6 Ra8 32. Rb6 Nxa5 33. bxa5
Rxa5 34. Rb7+ Ke8 35. Bxf7+ Kd8 36. Bb3 Rc7 37. Rb4 Rd7 38. Kf2 Ke7 39. Ba4 Rd6
40. Rb7+ Kf6 41. Bb3 h6 42. h4 Ra1 43. Rf7+ Kg6 44. g3 Ra3 45. Rf8 Ra7 46. Kf3
Re7 47. Kf4 Re2 48. h5+ Kg7 49. Rf7+ Kh8 50. Rf8+ Kg7 51. Rf7+ Kh8 52. Kxf5
Rf2+ 53. Ke5 Rxf7 54. Bxf7 Rd7 55. Bd5 Rc7 56. Kxd4 Rxc2 57. g4 Re2 58. Be4 Kg7
59. Ke5 Kf7 60. d4 Ke7 61. d5 Rd2 62. Kf5 Rd4 63. Ke5 Rd2 64. Kf5 Rd4 65. Bf3
Rd3 66. Be4 Re3 67. Bf3 1/2-1/2

[Event "Gibtelecom Festival 2010 - Masters"]
[Site "Gibraltar ENG"]
[Date "2010.02.03"]
[Round "9.50"]
[White "Goodger, Martyn"]
[Black "Forsaa, Espen"]
[Result "0-1"]
[WhiteElo "2147"]
[BlackElo "2301"]
[PlyCount "74"]
[EventDate "2010.01.26"]
[EventType "swiss"]
[EventRounds "10"]
[EventCountry "ENG"]
[Source "lmi"]
[SourceDate "2010.01.26"]

1. e4 c5 2. c3 d5 3. exd5 Qxd5 4. d4 Nc6 5. Nf3 Bg4 6. Be2 cxd4 7. cxd4 e6 8.
h3 Bh5 9. Nc3 Qa5 10. d5 exd5 11. Nd4 Bxe2 12. Qxe2+ Be7 13. Nxc6 bxc6 14. O-O
Rd8 15. Re1 Qb4 16. Bd2 Qd6 17. Qa6 Nf6 18. Qxa7 Nd7 19. Rad1 O-O 20. Qa4 Nc5
21. Qc2 Ne6 22. Bc1 Qb4 23. Ne2 c5 24. b3 Bf6 25. Bb2 d4 26. Nc1 d3 27. Nxd3
Rxd3 28. Bxf6 Rxd1 29. Qxd1 gxf6 30. Re3 Rd8 31. Qh5 Qf4 32. Rg3+ Kf8 33. Qxh7
Rd1+ 34. Kh2 Qxf2 35. Rf3 Qg1+ 36. Kg3 Qe1+ 37. Kg4 Rd4+ 0-1

[Event "Gibtelecom Festival 2010 - Masters"]
[Site "Gibraltar ENG"]
[Date "2010.02.03"]
[Round "9.53"]
[White "Meskovs, Nikita"]
[Black "Aerni, Andi"]
[Result "1-0"]
[WhiteElo "2264"]
[BlackElo "2137"]
[PlyCount "57"]
[EventDate "2010.01.26"]
[EventType "swiss"]
[EventRounds "10"]
[EventCountry "ENG"]
[Source "lmi"]
[SourceDate "2010.01.26"]

1. d4 d5 2. c4 e6 3. Nc3 Be7 4. Nf3 Nf6 5. cxd5 exd5 6. Bg5 c6 7. Qc2 Nbd7 8.
e3 O-O 9. Bd3 Re8 10. O-O Nf8 11. Rab1 Ne4 12. Bxe7 Qxe7 13. b4 Ng6 14. Bxe4
dxe4 15. Nd2 f5 16. g3 Qg5 17. Ne2 Be6 18. Kh1 Bd5 19. Nf4 Nxf4 20. gxf4 Qh4
21. Nc4 Kh8 22. Ne5 Re6 23. Rg1 Rh6 24. Rg2 Rh5 25. b5 Rg8 26. bxc6 bxc6 27.
Qxc6 Qd8 28. Rb5 Bxa2 29. f3 1-0

[Event "Gibtelecom Festival 2010 - Masters"]
[Site "Gibraltar ENG"]
[Date "2010.02.03"]
[Round "9.56"]
[White "Montero Melendez, Rafael"]
[Black "Fox, Anthony"]
[Result "1/2-1/2"]
[WhiteElo "2248"]
[BlackElo "2113"]
[PlyCount "157"]
[EventDate "2010.01.26"]
[EventType "swiss"]
[EventRounds "10"]
[EventCountry "ENG"]
[Source "lmi"]
[SourceDate "2010.01.26"]

1. d4 d5 2. c4 e6 3. Nc3 Nf6 4. cxd5 exd5 5. Bg5 c6 6. e3 Be7 7. Bd3 Nbd7 8.
Qc2 Nh5 9. Bxe7 Qxe7 10. O-O-O Nb6 11. h3 g6 12. g4 Ng7 13. Nf3 Be6 14. Kb1
O-O-O 15. Na4 Nxa4 16. Qxa4 Kb8 17. Rc1 f6 18. Rc3 Rd7 19. Rhc1 Rc8 20. Ka1
Rdc7 21. Ra3 a6 22. g5 c5 23. gxf6 Qxf6 24. Bxa6 cxd4 25. Rb1 Rc1 26. Nxd4
Rxb1+ 27. Kxb1 Qxf2 28. Be2 Qe1+ 29. Bd1 Rc4 30. Qa7+ Kc8 31. Qa8+ Kd7 32.
Qxb7+ Rc7 33. Qb5+ Ke7 34. Rd3 Bxh3 35. Nc2 Rxc2 36. Kxc2 Bf5 37. Qc5+ Ke8 38.
Qc6+ Kf8 39. Qd6+ Ke8 40. Qc6+ Kf8 41. Qf6+ Ke8 42. Bg4 Bxd3+ 43. Kxd3 Qb1+ 44.
Kd2 Qe4 45. Qxg7 Qxg4 46. Qg8+ Ke7 47. Qxh7+ Kd6 48. Qh2+ Kd7 49. Qe5 Qg2+ 50.
Kc3 g5 51. Qf5+ Kd6 52. Qf6+ Kd7 53. a4 g4 54. a5 g3 55. a6 Qf2 56. Qg7+ Kd6
57. Qh6+ Kd7 58. a7 Qe1+ 59. Kb3 Qd1+ 60. Kb4 Qd2+ 61. Ka3 Qa5+ 62. Kb3 Qb5+
63. Kc3 Qc4+ 64. Kd2 Qb4+ 65. Kd1 Qg4+ 66. Kc2 Qe2+ 67. Kb3 Qb5+ 68. Kc3 Qc4+
69. Kd2 Qb4+ 70. Ke2 Qg4+ 71. Kf1 Qf3+ 72. Ke1 Qf2+ 73. Kd1 g2 74. Qg7+ Ke6 75.
Qg4+ Ke5 76. Qg7+ Ke6 77. Qg8+ Kd6 78. Qd8+ Ke6 79. Qg8+ 1/2-1/2

[Event "Gibtelecom Festival 2010 - Masters"]
[Site "Gibraltar ENG"]
[Date "2010.02.03"]
[Round "9.57"]
[White "Hartvig, Ove Weiss"]
[Black "Havik, Victor"]
[Result "0-1"]
[WhiteElo "2245"]
[BlackElo "2093"]
[PlyCount "100"]
[EventDate "2010.01.26"]
[EventType "swiss"]
[EventRounds "10"]
[EventCountry "ENG"]
[Source "lmi"]
[SourceDate "2010.01.26"]

1. e4 e5 2. Nf3 Nc6 3. Bb5 a6 4. Bxc6 dxc6 5. O-O f6 6. d4 exd4 7. Nxd4 c5 8.
Nb3 Qxd1 9. Rxd1 Bg4 10. f3 Bd7 11. Be3 b6 12. a4 a5 13. Nc3 O-O-O 14. Nd2 Be6
15. Nf1 Bd6 16. Nb5 Ne7 17. Nxd6+ cxd6 18. Bf4 d5 19. Re1 d4 20. Bg3 Rhe8 21.
f4 Rd7 22. Nd2 Nc6 23. Re2 Nb4 24. Nf3 Bc4 25. Rf2 Rxe4 26. Nd2 Bd5 27. Nxe4
Bxe4 28. Rc1 d3 29. c3 Nc2 30. Rd2 c4 31. Bf2 Rd6 32. Rb1 b5 33. axb5 Rd5 34.
b6 Rb5 35. b4 axb4 36. cxb4 c3 37. Rxc2 dxc2 38. Re1 Rd5 39. Be3 Rd1 40. Kf2
Rd2+ 41. Kf1 Bd3+ 42. Kg1 f5 43. Rc1 Be4 44. g3 Kb7 45. Kf1 Bf3 46. b5 Rxh2 47.
Bg1 Rg2 48. Bf2 Be4 49. Ke2 Rxf2+ 50. Kxf2 Kxb6 0-1

[Event "Gibtelecom Festival 2010 - Masters"]
[Site "Gibraltar ENG"]
[Date "2010.02.03"]
[Round "9.58"]
[White "Collier, David O"]
[Black "Overeem, Marc"]
[Result "0-1"]
[WhiteElo "2118"]
[BlackElo "2245"]
[PlyCount "68"]
[EventDate "2010.01.26"]
[EventType "swiss"]
[EventRounds "10"]
[EventCountry "ENG"]
[Source "lmi"]
[SourceDate "2010.01.26"]

1. d4 g6 2. c4 Bg7 3. Nc3 d6 4. e4 Nd7 5. Be3 e5 6. Nge2 Ngf6 7. f3 O-O 8. Qd2
c6 9. g4 exd4 10. Nxd4 Ne5 11. Be2 Re8 12. O-O-O a6 13. g5 Nh5 14. Rhg1 c5 15.
Nc2 Be6 16. Na3 Nc6 17. f4 Nd4 18. f5 Nxe2+ 19. Qxe2 Bxc3 20. bxc3 Qa5 21. Nb1
Bd7 22. Rxd6 Bc6 23. f6 Rxe4 24. Rg4 Re5 25. Qf2 Rae8 26. Rd3 Be4 27. Rxe4 Rxe4
28. Nd2 R4e5 29. Nf3 R5e6 30. Ng1 Qa4 31. Bxc5 Qxc4 32. Qd4 Qxa2 33. Be7 Nf4
34. Rd1 R6xe7 0-1

[Event "Gibtelecom Festival 2010 - Masters"]
[Site "Gibraltar ENG"]
[Date "2010.02.03"]
[Round "9.59"]
[White "Nadig, Kruttika"]
[Black "Flermoen, Peter"]
[Result "0-1"]
[WhiteElo "2240"]
[BlackElo "2108"]
[PlyCount "122"]
[EventDate "2010.01.26"]
[EventType "swiss"]
[EventRounds "10"]
[EventCountry "ENG"]
[Source "lmi"]
[SourceDate "2010.01.26"]

1. e4 c5 2. Nf3 Nc6 3. d4 cxd4 4. Nxd4 g6 5. Nc3 Bg7 6. Be3 Nf6 7. Bc4 d6 8. f3
Qb6 9. Nf5 Qxb2 10. Nxg7+ Kf8 11. Bd2 Kxg7 12. O-O Qb6+ 13. Kh1 Be6 14. Bxe6
fxe6 15. Rb1 Qc7 16. f4 Rad8 17. f5 exf5 18. exf5 d5 19. Bf4 Qd7 20. Qd2 gxf5
21. Bh6+ Kf7 22. Ne2 Rhg8 23. Ng3 e6 24. Bg5 Rg6 25. Bxf6 Kxf6 26. Nh5+ Kf7 27.
Nf4 Rgg8 28. Rbe1 Rde8 29. Nh5 Rg6 30. Nf4 Rh6 31. Qe3 Kg7 32. Rf3 d4 33. Qd2
e5 34. Rg3+ Kh8 35. Nd3 Rg6 36. Rxg6 hxg6 37. Qg5 Kg7 38. Qg3 Qd6 39. h3 Qf6
40. Qf2 Re7 41. Qd2 a5 42. Qf2 Kf7 43. Qd2 b5 44. Qf2 b4 45. Qd2 e4 46. Nf4 Rd7
47. Qe2 Qd6 48. Qc4+ Kf6 49. Rf1 Ne7 50. h4 Qc6 51. Qe2 Kg7 52. Rd1 Nd5 53.
Nxd5 Rxd5 54. Rf1 Rc5 55. Qd2 Qd6 56. h5 d3 57. hxg6 Rxc2 58. Qg5 Qf6 59. Qe3
d2 60. Rd1 Kxg6 61. Rxd2 Qh4+ 0-1

[Event "Gibtelecom Festival 2010 - Masters"]
[Site "Gibraltar ENG"]
[Date "2010.02.03"]
[Round "9.60"]
[White "Doubleday, William G"]
[Black "Al-Tamimi, Hamad"]
[Result "0-1"]
[WhiteElo "2115"]
[BlackElo "2238"]
[PlyCount "142"]
[EventDate "2010.01.26"]
[EventType "swiss"]
[EventRounds "10"]
[EventCountry "ENG"]
[Source "lmi"]
[SourceDate "2010.01.26"]

1. d4 d5 2. c4 e6 3. Nc3 c6 4. e3 Bd6 5. Nf3 f5 6. Ne5 Nf6 7. f4 O-O 8. Be2 b6
9. O-O Bb7 10. b3 Nbd7 11. Bb2 Ne4 12. Nxe4 dxe4 13. Nxd7 Qxd7 14. Qc2 Qe7 15.
Rac1 c5 16. Rcd1 Rad8 17. Qc3 a6 18. g3 Bc6 19. Rc1 cxd4 20. exd4 Bb4 21. Qc2
Rd7 22. Rcd1 Rfd8 23. Qc1 a5 24. c5 bxc5 25. a3 cxd4 26. axb4 Bb7 27. Bc4 axb4
28. Rfe1 Kh8 29. Bb5 Rc7 30. Qa1 d3 31. Bd4 Qd6 32. Be3 Bd5 33. Ba4 Rdc8 34.
Qe5 Qxe5 35. fxe5 Rc2 36. Bd2 Rb2 37. Kf2 Rcc2 38. Ke3 Bxb3 39. Bxb3 Rxb3 40.
Rb1 Rbb2 41. Rxb2 Rxb2 42. Ra1 g5 43. Ra6 f4+ 44. gxf4 gxf4+ 45. Kxf4 Rxd2 46.
Kxe4 Re2+ 47. Kxd3 Rxe5 48. Rb6 Rh5 49. Rxb4 Rxh2 50. Rb6 Rh6 51. Ke4 Kg7 52.
Ke5 Rh5+ 53. Ke4 Kf6 54. Rb8 Rh4+ 55. Kf3 h6 56. Rf8+ Ke5 57. Ra8 Rf4+ 58. Ke3
Rf7 59. Rh8 Rf6 60. Ra8 Kf5 61. Rg8 Rg6 62. Rf8+ Kg5 63. Ke4 h5 64. Rf1 h4 65.
Ke5 h3 66. Rg1+ Kh5 67. Rh1 Kh4 68. Kf4 Rf6+ 69. Ke5 Rf2 70. Kxe6 h2 71. Ra1
Kg3 0-1

[Event "Gibtelecom Festival 2010 - Masters"]
[Site "Gibraltar ENG"]
[Date "2010.02.03"]
[Round "9.61"]
[White "Fegan, Chris"]
[Black "Lacrosse, Marc"]
[Result "1-0"]
[WhiteElo "2093"]
[BlackElo "2220"]
[PlyCount "89"]
[EventDate "2010.01.26"]
[EventType "swiss"]
[EventRounds "10"]
[EventCountry "ENG"]
[Source "lmi"]
[SourceDate "2010.01.26"]

1. d4 d5 2. Nf3 Nf6 3. e3 Bf5 4. c4 e6 5. Qb3 Nc6 6. c5 Rb8 7. Bb5 Nd7 8. Qa4
Be7 9. O-O O-O 10. Nc3 g5 11. a3 g4 12. Nd2 Nf6 13. f3 h5 14. b4 Qd7 15. Nb3
Bc2 16. Ra2 Bxb3 17. Qxb3 a6 18. Be2 e5 19. Rd2 exd4 20. exd4 Rbd8 21. Rd3 Rfe8
22. Qd1 Kg7 23. fxg4 hxg4 24. Rg3 Rh8 25. Rf4 Kf8 26. Qf1 Qe6 27. Re3 Ne4 28.
Bxg4 Qg6 29. Bf5 Qg7 30. Nxe4 dxe4 31. Bxe4 Nxd4 32. Rg3 Qe5 33. Rxf7+ Ke8 34.
Bg6 Kd7 35. Be3 Kc8 36. Qf2 Bh4 37. Bxd4 Rxd4 38. Qf5+ Qxf5 39. Bxf5+ Kb8 40.
Rf3 Bg5 41. Rd7 Rc4 42. g3 Rc1+ 43. Kg2 Ra1 44. h4 Bc1 45. Rdd3 1-0

[Event "Gibtelecom Festival 2010 - Masters"]
[Site "Gibraltar ENG"]
[Date "2010.02.03"]
[Round "9.64"]
[White "Tscharotschkin, Michael"]
[Black "Dasaolu, Adeoye"]
[Result "1-0"]
[WhiteElo "2211"]
[BlackElo "2068"]
[PlyCount "91"]
[EventDate "2010.01.26"]
[EventType "swiss"]
[EventRounds "10"]
[EventCountry "ENG"]
[Source "lmi"]
[SourceDate "2010.01.26"]

1. e4 e6 2. d4 c5 3. c3 d5 4. exd5 Qxd5 5. Nf3 Nf6 6. Na3 cxd4 7. Nb5 Na6 8.
Nbxd4 Be7 9. Bb5+ Bd7 10. Bxd7+ Nxd7 11. O-O O-O 12. Qe2 Nf6 13. Be3 Nc7 14.
Rfd1 Qh5 15. Nb3 Ncd5 16. h3 Rfc8 17. Rd4 Nxe3 18. Qxe3 Qb5 19. Rad1 a5 20.
R4d2 h6 21. Nbd4 Qc5 22. Ne5 Qb6 23. Nf5 Qc5 24. Nxe7+ Qxe7 25. Nd7 Rd8 26.
Nxf6+ Qxf6 27. Qb6 Rxd2 28. Rxd2 Qe7 29. Qb5 Qc7 30. Rd7 Qf4 31. g3 Qc1+ 32.
Kg2 Qb1 33. Qxb7 Rf8 34. a3 Qc2 35. Qb6 Kh7 36. Qd6 Qe4+ 37. Kh2 Qa8 38. c4 Kg8
39. b4 Qf3 40. Qd2 Qxa3 41. bxa5 Qc5 42. Rd8 Rxd8 43. Qxd8+ Kh7 44. Qb6 Qxc4
45. a6 h5 46. a7 1-0

[Event "Gibtelecom Festival 2010 - Masters"]
[Site "Gibraltar ENG"]
[Date "2010.02.03"]
[Round "9.65"]
[White "Weeramantry, Sunil"]
[Black "Ortega Valle, Jose Ramon"]
[Result "1-0"]
[WhiteElo "2201"]
[BlackElo "2054"]
[PlyCount "27"]
[EventDate "2010.01.26"]
[EventType "swiss"]
[EventRounds "10"]
[EventCountry "ENG"]
[Source "lmi"]
[SourceDate "2010.01.26"]

1. e4 c5 2. Nc3 Nc6 3. f4 g6 4. Nf3 Bg7 5. Bc4 e6 6. f5 exf5 7. d3 Nge7 8. O-O
O-O 9. Qe1 d6 10. Qh4 Ne5 11. Bg5 Nxf3+ 12. Rxf3 Bxc3 13. bxc3 Re8 14. Qh6 1-0

[Event "Gibtelecom Festival 2010 - Masters"]
[Site "Gibraltar ENG"]
[Date "2010.02.03"]
[Round "9.67"]
[White "Bindrich, Oswald"]
[Black "Flores Chico, Jorge"]
[Result "1-0"]
[WhiteElo "2173"]
[BlackElo "2052"]
[PlyCount "79"]
[EventDate "2010.01.26"]
[EventType "swiss"]
[EventRounds "10"]
[EventCountry "ENG"]
[Source "lmi"]
[SourceDate "2010.01.26"]

1. e4 c5 2. Nf3 d6 3. d4 cxd4 4. Nxd4 Nf6 5. Nc3 g6 6. Be3 Bg7 7. f3 Nbd7 8.
Qd2 a6 9. O-O-O b5 10. Kb1 Bb7 11. g4 h6 12. h4 b4 13. Nce2 Nc5 14. Ng3 Rb8 15.
Bg2 h5 16. gxh5 Nxh5 17. Qf2 Na4 18. f4 Nf6 19. Qe2 Nxb2 20. Kxb2 Qa5 21. Kb1
Nd7 22. e5 b3 23. cxb3 dxe5 24. Nc6 Bxc6 25. Bxc6 O-O 26. Rxd7 Rfc8 27. Rc1
exf4 28. Bd4 Bxd4 29. Rxd4 fxg3 30. Rdc4 e6 31. Rc5 Qd8 32. h5 g5 33. Qe5 Qd3+
34. Ka1 Rb6 35. Qxg5+ Kf8 36. h6 Qd4+ 37. Kb1 Qd3+ 38. Kb2 Qd4+ 39. R5c3 Qf2+
40. R1c2 1-0

[Event "Gibtelecom Festival 2010 - Masters"]
[Site "Gibraltar ENG"]
[Date "2010.02.03"]
[Round "9.68"]
[White "Spanton, Tim R"]
[Black "Byrn, Carsten"]
[Result "1/2-1/2"]
[WhiteElo "2035"]
[BlackElo "2171"]
[PlyCount "87"]
[EventDate "2010.01.26"]
[EventType "swiss"]
[EventRounds "10"]
[EventCountry "ENG"]
[Source "lmi"]
[SourceDate "2010.01.26"]

1. e4 c5 2. Nf3 e6 3. d3 Nc6 4. c3 Nf6 5. g3 Be7 6. Bg2 O-O 7. O-O d6 8. Ng5 h6
9. Nh3 e5 10. f4 exf4 11. Nxf4 Bg4 12. Qc2 Qd7 13. Na3 Ne5 14. d4 cxd4 15. cxd4
Ng6 16. Nxg6 fxg6 17. Be3 Be6 18. Rad1 Rac8 19. Qd3 a6 20. d5 Bf7 21. Nc4 Bd8
22. Bf4 Rxc4 23. Qxc4 Bb6+ 24. Kh1 g5 25. Bd2 Rc8 26. Qd3 Bg6 27. Be3 Bxe3 28.
Qxe3 Re8 29. Rd4 Qb5 30. Qf2 Nxe4 31. Bxe4 Rxe4 32. Rxe4 Qxd5 33. Kg1 Bxe4 34.
Re1 Qe5 35. Rd1 d5 36. Qd4 Qf5 37. Rf1 Qh3 38. Rf2 Qd7 39. Rd2 Qc6 40. Qc3 Qb6+
41. Qd4 Qe6 42. Qb4 Qc6 43. Qc3 Qb6+ 44. Qd4 1/2-1/2

[Event "Gibtelecom Festival 2010 - Masters"]
[Site "Gibraltar ENG"]
[Date "2010.02.03"]
[Round "9.70"]
[White "Compton, Alistair"]
[Black "Rioseco Pinochet, Fernan"]
[Result "0-1"]
[WhiteElo "2066"]
[BlackElo "2226"]
[PlyCount "60"]
[EventDate "2010.01.26"]
[EventType "swiss"]
[EventRounds "10"]
[EventCountry "ENG"]
[Source "lmi"]
[SourceDate "2010.01.26"]

1. e4 e6 2. d4 d5 3. Nc3 Bb4 4. exd5 exd5 5. Bd3 Nc6 6. a3 Ba5 7. Nge2 Nf6 8.
O-O h6 9. Bf4 O-O 10. Qd2 Ne4 11. Bxe4 dxe4 12. d5 Ne7 13. Qd4 Bb6 14. Qc4 Kh8
15. Rad1 f5 16. Nb5 Ng6 17. Bxc7 Qg5 18. Bxb6 axb6 19. Nd6 Bd7 20. Kh1 Qe7 21.
Nb5 Rac8 22. Qb3 f4 23. Ned4 f3 24. g3 Bh3 25. Rfe1 Bg2+ 26. Kg1 Nf4 27. gxf4
Qh4 28. Rd2 Bf1 29. Nxf3 Qg4+ 30. Kxf1 exf3 0-1

[Event "Gibtelecom Festival 2010 - Masters"]
[Site "Gibraltar ENG"]
[Date "2010.02.03"]
[Round "9.71"]
[White "Haraldsson, Leif"]
[Black "Kandic, Milan"]
[Result "0-1"]
[WhiteElo "2050"]
[BlackElo "2216"]
[PlyCount "64"]
[EventDate "2010.01.26"]
[EventType "swiss"]
[EventRounds "10"]
[EventCountry "ENG"]
[Source "lmi"]
[SourceDate "2010.01.26"]

1. f4 d6 2. g3 c5 3. Bg2 Nc6 4. d3 e5 5. e4 exf4 6. Bxf4 Qb6 7. Qc1 Be6 8. Ne2
O-O-O 9. c4 Ne5 10. Kd2 f5 11. Qc3 fxe4 12. Bxe4 Nf6 13. Bg2 Bf5 14. Nc1 g6 15.
h3 Bg7 16. Kc2 Nc6 17. Kd1 Nh5 18. Qb3 Bxb2 19. Qxb6 axb6 20. Nb3 Nxf4 21. gxf4
Bxa1 22. Nxa1 Bxd3 23. Nd2 Rhf8 24. Nc2 Bxc2+ 25. Kxc2 Rxf4 26. Kc3 Rf2 27. Bf3
Ne5 28. Bd5 Kc7 29. Rf1 Rxf1 30. Nxf1 Ra8 31. Kb3 Nc6 32. Nd2 Nb4 0-1

[Event "Gibtelecom Festival 2010 - Masters"]
[Site "Gibraltar ENG"]
[Date "2010.02.03"]
[Round "9.72"]
[White "Pettersen, Joar Gullestad"]
[Black "Ashby, Anthony C"]
[Result "1/2-1/2"]
[WhiteElo "2020"]
[BlackElo "2178"]
[PlyCount "54"]
[EventDate "2010.01.26"]
[EventType "swiss"]
[EventRounds "10"]
[EventCountry "ENG"]
[Source "lmi"]
[SourceDate "2010.01.26"]

1. d4 d5 2. c4 c6 3. e3 Nf6 4. Nf3 g6 5. Bd3 Bg7 6. O-O O-O 7. Nc3 a6 8. h3 Re8
9. e4 dxe4 10. Nxe4 Nxe4 11. Bxe4 Nd7 12. Be3 Nf6 13. Bc2 Be6 14. Qe2 Qc8 15.
Rad1 Bf5 16. b3 Bxc2 17. Qxc2 e6 18. Rd2 Qc7 19. Rfd1 Rad8 20. Rd3 Qa5 21. Bf4
Nh5 22. Be5 f6 23. Bh2 Bf8 24. Qe2 Ng7 25. Re3 Bb4 26. Red3 Kf7 27. Nd2 Qxa2
1/2-1/2